Türkiye Büyük Millet Meclisi (Record no. 4511)

MARC details
000 -BAŞLIK
Sabit Uzunlukta Kontrol Alanı 00759na a2200253 4500
001 - KONTROL NUMARASI
Denetim Alanı 18210
003 - KONTROL NUMARASI IDENTIFIER
Denetim Alanı MIRAKIL
005 - SON İŞLEM TARİHİ VE ZAMANI
Denetim Alanı 20181213155008.0
008 - SABİT-BOY VERİ ELEMANLARI - GENEL BİLGİLER
Sabit Uzunlukta Kontrol Alanı 161115b tu 000 0
020 ## - ULUSLARARASI STANDART KİTAP NUMARASI
Uluslararası Standart Kitap Numarası 9757479268
040 ## - KATALOGLAMA KAYNAK
Orijinal Kataloglama Ajansı Milas
Kataloglama Dili tur
Metne Dönüştürmek Ajansı TR-AnCHP
041 ## - DİL KODU
Metin / Ses Parça Veya Ayrı Başlığın Dil Kodu tur
082 ## - DEWEY ONLU SINIFLANDIRMA NUMARASI
Sınıflandırma Numarası 328.561
Ürün Numarası T96 1994
090 ## - SINIFLAMA NUMARASI
Sınıflama Numarası 328.561 T96 1994
245 ## - BAŞLIK TABLOSU
Başlık Türkiye Büyük Millet Meclisi
Sorumluluk Tablosu, Vb hazırlayan Engin Karapınar
260 ## - YAYIN, DAĞITIM, VB
Yayın, Dağıtım, Vb Yeri Ankara
Yayıncı, Dağıtıcı, Vs Adı TBMM
300 ## - FİZİKSEL TANIM
Kapsam 100 s.
Diğer Fiziksel Ayrıntıları fotg.
Boyutlar 24 cm.
490 ## - SERİSİ TABLOSU
Seri Beyanı TBMM Kültür,Sanat ve Yayın Kurulu Yayınları
Hacim / Ardışık Tanımı 66
610 ## - KONU KATMA GİRİŞ - TOPLANTI ADI
Giriş Elemanı Olarak Kurumsal Ad Veya Yargı Alanı Adı Türkiye Büyük Millet Meclisi (TBMM)
650 ## - KONU KATMA GİRİŞ - TOPİKAL DÖNEM
Topikal Süreli Veya Coğrafi Ad Giriş Elemanı Yasama birimleri
Coğrafi Alt Bölümü Türkiye
650 ## - KONU KATMA GİRİŞ - TOPİKAL DÖNEM
Topikal Süreli Veya Coğrafi Ad Giriş Elemanı Yasama organı
Genel Alt Bölümü Türkiye Büyük Millet Meclisi
700 ## - KATMA GİRİŞ - KİŞİSEL İSİM
Kişisel Ad Karapınar, Engin
942 ## - EKLENDİ GİRİŞ ELEMANLARI (KOHA)
Sınıflandırma Veya Raf Düzeni Kaynak Dewey Decimal Classification
Koha Öğesi Türü Books
999 ## - SİSTEM KONTROL NUMARALARI (KOHA)
Koha Biblionumber 4511
Koha Biblioitemnumber 4511
Holdings
Kalıcı Konum Mevcut Konum Edinme Tarihi Edinim Kaynak Toplam Check-Out'Lar Tam Çağrı Numarası Barkod Tarih Son Görülme İtibaren Geçerli Fiyatlar Koha Öğesi Türü
CHP Kütüphanesi CHP Kütüphanesi 11/15/2016 Bağış   328.561 T96 1994 009452 11/15/2016 11/15/2016 Books